000 00442cam a2200169ua 4500
003 OSt
008 250315b |||||||| |||| 00| 0 eng d
041 _aeng
082 _a621.9
_bRAG/CO
100 _aRaghuvanshi, B S .
_9682
245 _aCourse in workshop technology, Vol 2 /
250 _a1 /
260 _aNew Delhi :
_bDhanpat Rai Publishing Co. Pvt. Ltd. ,
_c1993.
300 _a522 ; .
700 1 _aLal, S .
_97304
942 _cBK
999 _c2080
_d2080